Good food, good mood : (Record no. 594513)
[ view plain ]
| 000 -LEADER | |
|---|---|
| fixed length control field | 00965cam a2200253 a 4500 |
| 001 - CONTROL NUMBER | |
| control field | 2488126 |
| 005 - DATE AND TIME OF LATEST TRANSACTION | |
| control field | 20230414124552.0 |
| 008 - FIXED-LENGTH DATA ELEMENTS--GENERAL INFORMATION | |
| fixed length control field | 911003r19921988nyu 000 0 eng |
| 010 ## - LIBRARY OF CONGRESS CONTROL NUMBER | |
| LC control number | 91033291 |
| 020 ## - INTERNATIONAL STANDARD BOOK NUMBER | |
| International Standard Book Number | 0312069855 (pbk.) : |
| Terms of availability | $10.95 |
| 040 ## - CATALOGING SOURCE | |
| Original cataloging agency | DLC |
| Transcribing agency | DLC |
| Modifying agency | DLC |
| 050 00 - LIBRARY OF CONGRESS CALL NUMBER | |
| Classification number | RC596 |
| Item number | .N85 1992 |
| 082 00 - DEWEY DECIMAL CLASSIFICATION NUMBER | |
| Classification number | 616.97 |
| Edition number | 20 |
| Author Mark | NUL |
| 100 1# - MAIN ENTRY--PERSONAL NAME | |
| Personal name | Null, Gary. |
| 9 (RLIN) | 111918 |
| 245 10 - TITLE STATEMENT | |
| Title | Good food, good mood : |
| Remainder of title | treating your hidden allergies / |
| Statement of responsibility, etc. | Gary Null with Martin Feldman. |
| 260 ## - PUBLICATION, DISTRIBUTION, ETC. | |
| Place of publication, distribution, etc. | New York : |
| Name of publisher, distributor, etc. | St. Martin's Press, |
| Date of publication, distribution, etc. | 1992, c1988. |
| 300 ## - PHYSICAL DESCRIPTION | |
| Extent | x, 214 p. ; |
| Dimensions | 21 cm. |
| 504 ## - BIBLIOGRAPHY, ETC. NOTE | |
| Bibliography, etc. note | Includes bibliographical references (p. 209) and index. |
| 650 #0 - SUBJECT ADDED ENTRY--TOPICAL TERM | |
| Topical term or geographic name entry element | Food allergy |
| General subdivision | Diet therapy |
| -- | Recipes. |
| 9 (RLIN) | 111919 |
| 700 1# - ADDED ENTRY--PERSONAL NAME | |
| Personal name | Feldman, Martin, |
| Dates associated with a name | 1939- |
| 9 (RLIN) | 111920 |
| 906 ## - LOCAL DATA ELEMENT F, LDF (RLIN) | |
| a | 7 |
| b | cbc |
| c | orignew |
| d | 1 |
| e | ocip |
| f | 19 |
| g | y-gencatlg |
| 942 ## - ADDED ENTRY ELEMENTS (KOHA) | |
| Source of classification or shelving scheme | |
| Koha item type | Book |
| Withdrawn status | Lost status | Source of classification or shelving scheme | Damaged status | Not for loan | Permanent Location | Current Location | Shelving location | Date acquired | Total Checkouts | Full call number | Barcode | Date last seen | Price effective from | Koha item type |
|---|---|---|---|---|---|---|---|---|---|---|---|---|---|---|
| School of Mechanical & Manufacturing Engineering (SMME) | School of Mechanical & Manufacturing Engineering (SMME) | General Stacks | 04/14/2023 | 616.97 NUL | SMME-3824 | 04/14/2023 | 04/14/2023 | Book |
